000 00281nam a22001217a 4500
008 171027b xxu||||| |||| 00| 0 eng d
041 _aeng
080 _23RD
_a336
100 _a56
101 _aFIN
245 _aREADINGS IN INTERNATIONAL FINANCE
_cKVASNICKA,J.G
942 _2udc
_cBK
999 _c36219
_d36219